UBT Library

Nolo's quick LLC / (Record no. 44709)

000 -LEADER
fixed length control field 01103cas a2200325 a 4500
001 - CONTROL NUMBER
control field 13908802
005 - DATE AND TIME OF LATEST TRANSACTION
control field 20180312060921.0
008 - FIXED-LENGTH DATA ELEMENTS--GENERAL INFORMATION
fixed length control field 050323c20009999cauuu 0 a0eng d
010 ## - LIBRARY OF CONGRESS CONTROL NUMBER
LC control number 2005201880
Canceled/invalid LC control number 00020580
-- 2003041255
-- 2004057120
022 0# - INTERNATIONAL STANDARD SERIAL NUMBER
International Standard Serial Number 1932-1740
Source 1
035 ## - SYSTEM CONTROL NUMBER
System control number (OCoLC)ocm44222226
037 ## - SOURCE OF ACQUISITION
Source of stock number/acquisition Nolo, 950 Parker St., Berkeley, CA 94710
040 ## - CATALOGING SOURCE
Original cataloging agency MSI
Language of cataloging eng
Transcribing agency MSI
Modifying agency JQF
-- OCLCQ
-- DLC
-- NSD
-- GK8
-- OCLCQ
-- OCLCA
-- OCLCF
-- OCLCO
-- DLC
-- OCLCO
-- YDXCP
-- IGA
-- OCLCQ
041 ## - LANGUAGE CODE
Language code of text/sound track or separate title eng
042 ## - AUTHENTICATION CODE
Authentication code lccopycat
-- nsdp
043 ## - GEOGRAPHIC AREA CODE
Geographic area code n-us---
080 ## - UNIVERSAL DECIMAL CLASSIFICATION NUMBER
Universal Decimal Classification number 346 MAN
082 10 - DEWEY DECIMAL CLASSIFICATION NUMBER
Classification number 346 MAN
Edition number 14
100 ## - Rafti
Rafti 57
101 ## - Shkurtesa
Shkurtesa BIZ
222 #0 - KEY TITLE
Key title Nolo's quick LLC
245 00 - TITLE STATEMENT
Title Nolo's quick LLC /
Statement of responsibility, etc by Attorney Anthony Mancuso.
246 30 - VARYING FORM OF TITLE
Title proper/short title Quick LLC
362 0# - DATES OF PUBLICATION AND/OR SEQUENTIAL DESIGNATION
Dates of publication and/or sequential designation 1st ed (2000)-
776 08 - ADDITIONAL PHYSICAL FORM ENTRY
Display text Online version:
Title Nolo's quick LLC
International Standard Serial Number 2375-2858
Record control number (DLC) 2014203616
-- (OCoLC)892490480
906 ## - LOCAL DATA ELEMENT F, LDF (RLIN)
a 7
b cbc
c serials
d 2
e ncip
f 20
g n-oclcserc
942 ## - ADDED ENTRY ELEMENTS (KOHA)
Source of classification or shelving scheme
Item type Books
Holdings
Withdrawn status Lost status Source of classification or shelving scheme Damaged status Not for loan Collection code Permanent location Current location Shelving location Date acquired Total Checkouts Full call number Barcode Date last seen Price effective from Koha item type
          Koleksioni i përgjithshem UBT - Lipjan UBT - Lipjan Koleksioni i përgjithshem 03/12/2018   346 MAN 002-3001560 03/12/2018 03/12/2018 Books
UBT Library © 2015-2024. All rights reserved University Education for Business and Technology